Plano-pilôto para a urbanizacao da Baixada comprendida entre a Barra da Tujuca o Pontal de Sernambentiba e Jacarepaguá

Guardat en:
Dades bibliogràfiques
Autor principal: Costa, Lucio (Autor)
Format: Llibre
Idioma:espanyol
Publicat: Río de Janeiro Jornalistica Imagen 1969
Matèries:
Etiquetes: Afegir etiqueta
Sense etiquetes, Sigues el primer a etiquetar aquest registre!

MARC

LEADER 00000nam a2200000 a 4500
001 UCZ1200
003 CL-VaPUC
008 950817e19690000BL |||||||||||||||||spa|d
082 0 4 |a 711.2  |b COS  |2 21 
100 0 |a Costa, Lucio  |e author  |9 344653 
245 1 0 |a Plano-pilôto para a urbanizacao da Baixada comprendida entre a Barra da Tujuca o Pontal de Sernambentiba e Jacarepaguá 
300 |a pag. irreg 
942 |c BK 
945 |d 19950817 00:00:00  |a aalvarez 
260 |a Río de Janeiro  |b Jornalistica Imagen  |c 1969 
650 0 |a Urbanismo  |9 255208 
650 7 |a PLANIFICACION  |2 CL-VaPUC  |9 260802 
650 0 |a Viviendas   |9 255326 
650 7 |a PLANOS  |2 CL-VaPUC  |9 260106 
583 |a last modification  |c 20120904 08:37:12  |k Rodrigo Vera 
999 |c 237991  |d 237989 
952 |0 0  |1 0  |4 0  |6 711_200000000000000_COS_1969  |7 0  |8 P  |9 247880  |a BIBARQ  |b BIBARQ  |d 2019-11-18  |i 3123766  |o 711.2 COS 1969  |p 3123766  |r 2025-01-20  |w 2019-11-18  |y BK  |k ARQ